000
00289nam a22001337a 4500
008
170130b xxu||||| |||| 00| 0 eng d
020
_a
9780534394745
041
_a
eng
080
_2
6TH
_a
61
100
_a
3
101
_a
SHMI
245
_a
HUMAN HEREDITY
_c
CUMMINGS, M.R
942
_2
udc
_c
BK
999
_c
3979
_d
3979